LEADER 06248nam 22008295 450 001 9910866581303321 005 20260306121814.0 010 $a9783031578243$b(electronic bk.) 010 $z9783031578236 024 7 $a10.1007/978-3-031-57824-3 035 $a(MiAaPQ)EBC31501351 035 $a(Au-PeEL)EBL31501351 035 $a(CKB)32338363200041 035 $a(DE-He213)978-3-031-57824-3 035 $a(EXLCZ)9932338363200041 100 $a20240622d2024 u| 0 101 0 $aeng 135 $aurcnu|||||||| 181 $ctxt$2rdacontent 182 $cc$2rdamedia 183 $acr$2rdacarrier 200 13$aAn Integrated Approach to Perinatal Depression and Anxiety in Spanish-Speaking and Latina Women /$fedited by Sandraluz Lara-Cinisomo 205 $a1st ed. 2024. 210 1$aCham :$cSpringer Nature Switzerland :$cImprint: Springer,$d2024. 215 $a1 online resource (233 pages) 311 08$aPrint version: Lara-Cinisomo, Sandraluz An Integrated Approach to Perinatal Depression and Anxiety in Spanish-Speaking and Latina Women Cham : Springer,c2024 9783031578236 320 $aIncludes bibliographical references and index. 327 $aChapter 1. Why an Integrated Approach to Perinatal Depression and Anxiety Is Necessary: An Introduction to the Book -- Chapter 2. Anxiety and Worry During the Perinatal Period: Why They Cannot Be Ignored -- Chapter 3. Protective Factors Against Depression and Anxiety Among Latinas and Spanish-Speaking Women -- Chapter 4. Depression and Anxiety in Women Pursuing Fertility Treatment in Spain -- Chapter 5. Perinatal Mental Health in Women Living in Mexico During Periods of Crises: Experiences of an Earthquake and the COVID-19 Pandemic -- Chapter 6. Maternal Mental Health and Newborn Intensive Care Units: Regional Experiences in Argentina. Chapter 7. Perinatal Anxiety and Mother-Infant Health in Chile -- Chapter 8. Culturally Sensitive Interventions for Latinas and Spanish-Speaking women -- Chapter 9 -- Diagnosing and treating perinatal depression and anxiety in Spanish-Speaking and Latina/Latinx women in the U.S -- Chapter 10. Studying Biomarkers to Assess Perinatal Depression -- Chapter 11. Advancing Research in Perinatal Mental Health in Spanish-Speaking Latin American Women -- Chapter 12. Developing a Culturally Responsive Mental Health Workforce for Spanish-Speaking and Latina/Latinx Birthing People with Perinatal Depression and Anxiety. 330 $aThis book makes a significant contribution to the literature by adopting an integrated perspective on perinatal depression and anxiety among Spanish-speaking and Latina women. These groups are often overlooked in research and face barriers to diagnosis and treatment. This groundbreaking book compiles essential and timely insights into the factors associated with perinatal depression and anxiety among Spanish-speaking and Latina women. It delves into crucial themes, such as migration-related experiences. Additionally, it explores policies in Latin America aimed at addressing maternal mental health needs. Furthermore, the book provides fundamental knowledge on tailoring culturally and linguistically appropriate interventions for perinatal depression and anxiety among Spanish-speaking and Latina women. Recognizing the significance of context, it offers perspectives on the effects of natural disasters and health crises on perinatal mental health and mother-infant bonding. The book advocates for the development of a research and mental health workforce attuned to the diverse needs of Spanish-speaking and Latina/Latinx perinatal women. It also discusses the value of biomarkers in perinatal depression research. In sum, this book brings together topic experts from across the globe to provide a more holistic approach to perinatal depression and anxiety. Key topics covered include: Anxiety and Worry During the Perinatal Period: Why They Cannot Be Ignored Protective Factors Against Depression and Anxiety Among Latinas and Spanish-Speaking Women Culturally Sensitive Interventions for Latinas and Spanish-Speaking Women Advancing Research in Perinatal Mental Health in Spanish-Speaking Latin American Women Developing a Culturally Responsive Mental Health Workforce for Spanish-speaking and Latina/Latinx Birthing People with Perinatal Depression and Anxiety An Integrated Approach to Perinatal Depression and Anxiety in Spanish-Speaking and Latina Women is pertinent reading for individuals interested in pursuing a degree and profession in perinatal mental health, clinicians working with Spanish-speaking and Latina/Latinx perinatal women, researchers interested in working with Spanish-speaking and Latina/Latinx perinatal women, and educators training individuals pursuing a degree and profession in perinatal mental health. 606 $aPsychology 606 $aPublic health 606 $aMental health 606 $aCounseling 606 $aClinical psychology 606 $aPsychiatry 606 $aBehavioral Sciences and Psychology 606 $aPublic Health 606 $aMental Health 606 $aCounseling Psychology 606 $aClinical Psychology 606 $aPsychiatry 606 $aPerinatologia$2thub 606 $aPsicologia clínica$2thub 606 $aDones$2thub 606 $aAnsietat$2thub 606 $aLlatinoamericans$2thub 608 $aLlibres electrònics$2thub 615 0$aPsychology. 615 0$aPublic health. 615 0$aMental health. 615 0$aCounseling. 615 0$aClinical psychology. 615 0$aPsychiatry. 615 14$aBehavioral Sciences and Psychology. 615 24$aPublic Health. 615 24$aMental Health. 615 24$aCounseling Psychology. 615 24$aClinical Psychology. 615 24$aPsychiatry. 615 7$aPerinatologia 615 7$aPsicologia clínica 615 7$aDones 615 7$aAnsietat 615 7$aLlatinoamericans 676 $a362.208968073 702 $aLara-Cinisomo$b Sandraluz 801 0$bMiAaPQ 801 1$bMiAaPQ 801 2$bMiAaPQ 912 $a9910866581303321 996 $aIntegrated Approach to Perinatal Depression and Anxiety in Spanish-Speaking and Latina Women$94314304 997 $aUNINA LEADER 04526nam 2200769 a 450 001 9910959547903321 005 20251116144140.0 010 $a9786612752391 010 $a9781282752399 010 $a1282752391 010 $a9781400821952 010 $a1400821959 010 $a9781400812790 010 $a1400812798 024 7 $a10.1515/9781400821952 035 $a(CKB)111056486503590 035 $a(EBL)617291 035 $a(OCoLC)705527012 035 $a(SSID)ssj0000251960 035 $a(PQKBManifestationID)11239759 035 $a(PQKBTitleCode)TC0000251960 035 $a(PQKBWorkID)10175469 035 $a(PQKB)10019186 035 $a(OCoLC)51533670 035 $a(MdBmJHUP)muse36003 035 $a(DE-B1597)446152 035 $a(OCoLC)979577720 035 $a(DE-B1597)9781400821952 035 $a(Au-PeEL)EBL617291 035 $a(CaPaEBR)ebr10035791 035 $a(CaONFJC)MIL275239 035 $a(MiAaPQ)EBC617291 035 $a(Perlego)733963 035 $a(iGPub)PUPB0001655 035 $a(EXLCZ)99111056486503590 100 $a19951031d1996 uy 0 101 0 $aeng 135 $aur|||||||nn|n 181 $ctxt$2rdacontent 182 $cc$2rdamedia 183 $acr$2rdacarrier 200 10$aStrangers to the Constitution $eimmigrants, borders, and fundamental law /$fGerald L. Neuman 205 $aCourse Book 210 $aPrinceton, N.J. $cPrinceton University Press$dc1996 215 $a1 online resource (296 pages) 300 $aDescription based upon print version of record. 311 0 $a9780691043609 311 0 $a0691043604 320 $aIncludes bibliographical references (p. [191]-275) and index. 327 $tFront matter --$tContents --$tPREFACE --$tACKNOWLEDGMENTS --$tChapter One. WHOSE CONSTITUTION? --$tPART ONE: THE PAST --$tChapter Two. THE OPEN BORDERS MYTH AND THE LOST CENTURY OF AMERICAN IMMIGRATION LAW --$tChapter Three. CONSTITUTIONAL LIMITS ON IMMIGRATION REGULATION IN THE FIRST CENTURY: FEDERALISM OBJECTIONS --$tChapter Four. THE RIGHTS OF ALIEN FRIENDS WITHIN THE UNITED STATES --$tChapter Five. THE GEOGRAPHICAL SCOPE OF THE CONSTITUTION --$tPART TWO: THE PRESENT AND THE FUTURE --$tChapter Six. RIGHTS BEYOND OUR BORDERS --$tChapter Seven. CROSSING THE BORDER --$tChapter Eight. LIMITS OF THE POLITY: POLITICAL RIGHTS OF IMMIGRANTS IN THE UNITED STATES --$tChapter Nine. LIMITS OF THE NATION: BIRTHRIGHT CITIZENSHIP AND UNDOCUMENTED CHILDREN --$tChapter Ten. CONCLUSION --$tNOTES --$tINDEX 330 $aGerald Neuman discusses in historical and contemporary terms the repeated efforts of U.S. insiders to claim the Constitution as their exclusive property and to deny constitutional rights to aliens and immigrants--and even citizens if they are outside the nation's borders. Tracing such efforts from the debates over the Alien and Sedition Acts in 1798 to present-day controversies about illegal aliens and their children, the author argues that no human being subject to the governance of the United States should be a "stranger to the Constitution. "Thus, whenever the government asserts its power to impose obligations on individuals, it brings them within the constitutional system and should afford them constitutional rights. In Neuman's view, this mutuality of obligation is the most persuasive approach to extending constitutional rights extraterritorially to all U.S. citizens and to those aliens on whom the United States seeks to impose legal responsibilities. Examining both mutuality and more flexible theories, Neuman defends some constitutional constraints on immigration and deportation policies and argues that the political rights of aliens need not exclude suffrage. Finally, in regard to whether children born in the United States to illegally present alien parents should be U.S. citizens, he concludes that the Constitution's traditional shield against the emergence of a hereditary caste of "illegals" should be vigilantly preserved. 606 $aNoncitizens$zUnited States 606 $aEmigration and immigration law$zUnited States 606 $aCivil rights$zUnited States 615 0$aNoncitizens 615 0$aEmigration and immigration law 615 0$aCivil rights 676 $a342.73/082 676 $a347.30282 700 $aNeuman$b Gerald L.$f1952-$01896404 801 0$bMiAaPQ 801 1$bMiAaPQ 801 2$bMiAaPQ 906 $aBOOK 912 $a9910959547903321 996 $aStrangers to the Constitution$94550989 997 $aUNINA